Normal view
MARC view
- O'Donnell, Jerry
Entry Personal Name
001 - CONTROL NUMBER
- control field: 102259
003 - CONTROL NUMBER IDENTIFIER
- control field: NUST
005 - DATE AND TIME OF LATEST TRANSACTION
- control field: 20221102132848.0
008 - FIXED-LENGTH DATA ELEMENTS
- fixed length control field: 221102|| aca||aabn | a|a d
040 ## - CATALOGING SOURCE
- Original cataloging agency: NUST
- Transcribing agency: NUST
100 ## - HEADING--PERSONAL NAME
- Personal name: O'Donnell, Jerry
670 ## - SOURCE DATA FOUND
- Source citation: Work cat.: (NUST)180125: O'Donnell, Jerry,, Beginning technical mathematics /, c1976.
